000 00827npm a2200157 4500
003 OSt
005 20250405161221.0
007 o|
008 250309b |||||||| |||| 00| 0 fre d
040 _cautismepaimpol.fr
245 _aSabliers sensoriels cascade bicolore (lot de 3)
246 _aApaiser et focaliser l'attention de la personne
500 _aChaque tube contient un liquide transparent et deux liquides de couleurs différentes non miscibles. Lorsqu'on retourne un tube, les bulles d'huiles tombent les unes après les autres le long des escaliers. Le flux d'une couleur est opposé à celui de l'autre couleur. C'est très attrayant et fascinant.
520 _aDomaines d'apprentissage explorés : - Développement sensoriel - Communication et langage descriptif - Développement de la motricité
942 _cMATSENS
999 _c143
_d143